| 000 | 00696nam a2200205Ia 4500 | ||
|---|---|---|---|
| 001 | 17091 | ||
| 003 | GE_BSU | ||
| 008 | 181216s||||||||xx |||||||||||||| ||und|| | ||
| 040 | _cGE_BSU | ||
| 080 | _a821.353.1-32 | ||
| 100 | _aარაგვისპირელი, შიო (დედაბრიშვილი, შიო, 1867-1926) | ||
| 245 | _aმოთხრობები | ||
| 245 | _cრედ. კ.ბობოხიძე. მხ. ა. სოხაშვილი | ||
| 260 | _aთბილისი | ||
| 260 | _bსაბჭ. საქართველო | ||
| 260 | _c1961 | ||
| 300 | _a514გვ. ; 20სმ. | ||
| 653 | _aმოთხრობები. | ||
| 942 | _cBK | ||
| 999 |
_c50153 _d50153 |
||